من الإعجاز الحركي في الصلاة / (رقم التسجيلة. 114773)

تفاصيل مارك
000 -LEADER
fixed length control field 00629nam a22002057a 4500
005 - DATE AND TIME OF LATEST TRANSACTION
control field 20251108174648.0
008 - FIXED-LENGTH DATA ELEMENTS--GENERAL INFORMATION
fixed length control field 250721s2003 xx 000 0 ara d
020 ## - INTERNATIONAL STANDARD BOOK NUMBER
International Standard Book Number 9772782391
082 14 - DEWEY DECIMAL CLASSIFICATION NUMBER
Classification number 216.22/شاف
100 1# - MAIN ENTRY--PERSONAL NAME
Personal name الشافعي، جلال محمد
Relator term مؤلف
245 10 - TITLE STATEMENT
Title من الإعجاز الحركي في الصلاة /
264 1# - PRODUCTION, PUBLICATION, DISTRIBUTION, MANUFACTURE, AND COPYRIGHT NOTICE
Place of production, publication, distribution, manufacture طنطا :
Name of producer, publisher, distributor, manufacturer دار البشير للثقافة و العلوم،
Date of production, publication, distribution, manufacture, or copyright notice 2003.
300 ## - PHYSICAL DESCRIPTION
Extent 212 ص.
650 17 - SUBJECT ADDED ENTRY--TOPICAL TERM
Topical term or geographic name as entry element الصلاه
650 17 - SUBJECT ADDED ENTRY--TOPICAL TERM
Topical term or geographic name as entry element الاسلام
700 1# - ADDED ENTRY--PERSONAL NAME
Personal name عطية، علاء أحمد
700 1# - ADDED ENTRY--PERSONAL NAME
Personal name قابيل، عباس
942 ## - ADDED ENTRY ELEMENTS (KOHA)
Source of classification or shelving scheme Dewey Decimal Classification
Koha item type كتب
المقتنيات
حالة السحب حالة الفقدان مصدر التصنيف حالة التلف غير قابل للإعارة المكتبة الرئيسية المكتبة الحالية موقع الرف تاريخ التزويد الرقم المتسلسل Total Checkouts رقم الإستدعاء الباركود تاريخ آخر ظهور تاريخ الفاتورة نوع المادة (كوها)
    Dewey Decimal Classification     المكتبة المركزية المكتبة المركزية الإعارة 28/07/2025 1243196   216.22/شاف PLD00048937 28/07/2025 28/07/2025 كتب
    Dewey Decimal Classification     المكتبة المركزية المكتبة المركزية مقتنيات قسم التزويد 08/11/2008 1243197   216.22/شاف PLD00049499 28/07/2025 08/11/2008 كتب
    Dewey Decimal Classification     مكتبة أبو علندا العامة مكتبة أبو علندا العامة الإعارة 08/11/2008 1243198   216.22/شاف PLD00049500 28/07/2025 08/11/2008 كتب
    Dewey Decimal Classification     مكتبة الأميرة ايمان العامة مكتبة الأميرة ايمان العامة الإعارة 08/11/2008 1243200   216.22/شاف PLD00049502 28/07/2025 08/11/2008 كتب
    Dewey Decimal Classification     مكتبة الاميرة بديعة مكتبة الاميرة بديعة الإعارة 08/11/2008 1243201   216.22/شاف PLD00049503 28/07/2025 08/11/2008 كتب
    Dewey Decimal Classification     مكتبة الجويدة مكتبة الجويدة الإعارة 08/11/2008 1243202   216.22/شاف PLD00049504 28/07/2025 08/11/2008 كتب
    Dewey Decimal Classification     مكتبة الحسن العامة مكتبة الحسن العامة الإعارة 08/11/2008 1243203   216.22/شاف PLD00049505 28/07/2025 08/11/2008 كتب
    Dewey Decimal Classification     مكتبة الراية الهاشمية للأطفال مكتبة الراية الهاشمية للأطفال الأطفال 06/10/2015 1466214   216.22/شاف PLD00352414 28/07/2025 06/10/2015 كتب
    Dewey Decimal Classification     مكتبة النصر العامة مكتبة النصر العامة الإعارة 08/11/2008 1243205   216.22/شاف PLD00049507 28/07/2025 08/11/2008 كتب
    Dewey Decimal Classification     مكتبة حمزة العامة مكتبة حمزة العامة الإعارة 08/11/2008 1243210   216.22/شاف PLD00049512 28/07/2025 08/11/2008 كتب
Implemented & Customized by: BBB with SCIT (Smart Chains for Information Technology)

Powered by Koha